| 000 | 00663nam a2200241Ia 4500 | ||
|---|---|---|---|
| 003 | OSt | ||
| 005 | 20220924114523.0 | ||
| 006 | a|||||r|||| 00| 0 | ||
| 007 | ta | ||
| 008 | 220923b |||||||| |||| 00| 0 ara d | ||
| 024 | _a339980 | ||
| 037 | _cTextual | ||
| 040 |
_aARTS _cARTS _bara |
||
| 041 |
_2ara _aara |
||
| 082 | _aO28,6M894:g, K4 | ||
| 100 |
_aMalhas Surayya Au. _9174021 |
||
| 245 | 0 |
_aMikhail Nayema _b al-adibo-al-sufiya |
|
| 260 |
_aBeirut _bDar-a-sadir Lebanon _c1964 |
||
| 300 |
_a201p. _ccm. |
||
| 650 | _aARABIC PROSE | ||
| 942 |
_hO28,6M894:g, K4 _cTEXL _2CC |
||
| 999 |
_c393988 _d393988 |
||